• 首页
  • 本馆介绍
  • 公告通知
  • 最新文献
  • 馆藏检索
  • 电子资源
  • 读者导购
  • 参考咨询
  • 我的图书馆
  • 登录
  • 详细信息显示
  • 放入我的书架
  • 预约/预借图书
  • 作者相关作品
  • 分类相关作品
  • 丛书相关作品
  • 出版社相关作品

书目信息

  • 表格格式
  • 工作单格式
  • 卡片格式
题名:
企业全面成本控制从入门到精通
    
 
作者: 宗印凤 主编
分册:  
出版信息: 北京   机械工业出版社  2012
页数: 227页
开本: 24cm
丛书名: 财务轻松学丛书
单 册:
中图分类: F275.3
科图分类:
主题词: 企业管理--成本管理 , 企业管理 , 成本管理
电子资源:
ISBN: 978-7-111-39842-4
000 00945nam0 22002771 450
001 524
005 20140909092552.15
010    @a978-7-111-39842-4@dCNY39.80
100    @a20121204d2012 em y0chiy50 ea
101 0  @achi
102    @aCN@b110000
105    @ay z 000yy
106    @ar
200 1  @a企业全面成本控制从入门到精通@AQi Ye Quan Mian Cheng Ben Kong Zhi Cong Ru Men Dao Jing Tong@f宗印凤主编@FZong Yin Feng Zhu Bian
210    @a北京@c机械工业出版社@d2012
215    @a227页@d24cm
225 2  @a财务轻松学丛书
330    @a本书主要讲解企业管理成本的控制、人力资源成本的控制、采购成本的控制、生产成本的控制、物流成本的控制、融资成本的控制、营销成本的控制等各方面内容。
461  0 @12001 @a财务轻松学丛书
606 0  @a企业管理@x成本管理
606 0  @a企业管理
606 0  @a成本管理
690    @aF275.3@v5
701  0 @a宗印凤@AZong Yin Feng@4主编
801  0 @aCN@bTANGWEI@c20140603
905    @b0837372-74@dF275.3@e1103@f3
    
    企业全面成本控制从入门到精通/宗印凤主编.-北京:机械工业出版社,2012
    227页;24cm.-(财务轻松学丛书)
    
    
    ISBN 978-7-111-39842-4:CNY39.80
    本书主要讲解企业管理成本的控制、人力资源成本的控制、采购成本的控制、生产成本的控制、物流成本的控制、融资成本的控制、营销成本的控制等各方面内容。
●
相关链接 在E读中查询图书 在五车中查询图书 在当当中查询图书 在豆瓣中查询图书


正题名:企业全面成本控制从入门到精通     索取号:F275.3/1103         预约/预借

序号 登录号 条形码 馆藏地/架位号 状态 备注
1 0837372   208373721   第一样本阅览室/ [索取号:F275.3/1103] 在馆    
2 0837373   208373730   密集书库-海洋学院/ [索取号:F275.3/1103] 在馆    
3 0837374   208373749   第一借阅区/ [索取号:F275.3/1103] 在馆    
唐山师范学院图书馆 欢迎您!
大连网信软件有限公司© 版权所有